|
|
|
|
| LEADER |
00000cam a2200000 a 4500 |
| 005 |
20111223122433.0 |
| 007 |
cr|||| |||| |
| 008 |
090326s2008 spc b 000 0 spa c |
| 017 |
|
|
|a DL B. 51935-2008
|b Biblioteca de Catalunya
|
| 020 |
|
|
|a 9788476988350
|
| 035 |
|
|
|a 3374
|
| 040 |
|
|
|d vLex
|
| 080 |
|
|
|a 331.1
|
| 080 |
|
|
|a 174.4
|
| 090 |
|
|
|c 2869
|d 2869
|
| 100 |
1 |
|
|a Satorras Fioretti, Rosa Mara̕
|
| 245 |
1 |
0 |
|a Responsabilidad social corporativa
|h [Recurso electrn̤ico] :
|b la nueva "conciencia" de las empresas y entidades /
|c Rosa Ma. Satorras Fioretti ; prl̤ogo de Daniel Vz̀quez Albert
|
| 256 |
|
|
|a Servicio en ln̕ea
|
| 260 |
|
|
|a Barcelona :
|b Bosch,
|c 2008
|
| 300 |
|
|
|a 1 recurso electrn̤ico
|
| 490 |
1 |
|
|a Bosch mercantil
|
| 504 |
|
|
|a Bibliografa̕
|
| 506 |
1 |
|
|a Contenido solo disponible en los productos indicados
|d vLex Global
|d vLex Global (Academic Edition, excluding Law Schools)
|d vLex Global (U.S. Academic Edition, Law Schools)
|d vLex Global (U.S. Academic Edition, excluding Law Schools)
|d vLex Global (Academic Edition, Law Schools)
|
| 650 |
0 |
4 |
|a Empresas
|x Responsabilidad social
|
| 650 |
0 |
4 |
|a €tica empresarial
|
| 650 |
0 |
4 |
|a Responsabilidad social de la empresa
|
| 650 |
0 |
4 |
|a Empresas
|x Aspectos sociales
|
| 700 |
1 |
|
|a Vz̀quez Albert, Daniel,
|e pr.
|
| 740 |
0 |
|
|a vLex Libros (Servicio en ln̕ea)
|
| 830 |
|
0 |
|a Bosch mercantil
|
| 856 |
4 |
0 |
|u http://vlex.com/source/responsabilidad-social-corporativa-3374
|z Acceso restringido
|
| 942 |
|
|
|c BOOK
|
| 999 |
0 |
|
|a Social responsibility of business
|